<?xml version="1.0" encoding="UTF-8"?>
<record
    xmlns:xsi="http://www.w3.org/2001/XMLSchema-instance"
    xsi:schemaLocation="http://www.loc.gov/MARC21/slim http://www.loc.gov/standards/marcxml/schema/MARC21slim.xsd"
    xmlns="http://www.loc.gov/MARC21/slim">

  <leader>03108nam a2200277 i 4500</leader>
  <controlfield tag="003">DO-SdBNP</controlfield>
  <controlfield tag="005">20251029144347.0</controlfield>
  <controlfield tag="007">ta</controlfield>
  <controlfield tag="008">190807s2005  dr              000   spa d</controlfield>
  <datafield tag="040" ind1=" " ind2=" ">
    <subfield code="a">DO-SdBNP</subfield>
    <subfield code="b">spa</subfield>
    <subfield code="c">BNPHU</subfield>
    <subfield code="e">rda</subfield>
  </datafield>
  <datafield tag="041" ind1=" " ind2=" ">
    <subfield code="a">spa</subfield>
  </datafield>
  <datafield tag="082" ind1=" " ind2="4">
    <subfield code="a">xxx</subfield>
    <subfield code="b">xxx</subfield>
    <subfield code="2">22</subfield>
  </datafield>
  <datafield tag="100" ind1="1" ind2=" ">
    <subfield code="a">Biaggi Lama, Juan A.,</subfield>
    <subfield code="d">1951-2023</subfield>
    <subfield code="e">autor</subfield>
    <subfield code="4">aut.</subfield>
    <subfield code="9">76550</subfield>
  </datafield>
  <datafield tag="245" ind1="1" ind2="0">
    <subfield code="a">Manual de derecho comercial dominicano :</subfield>
    <subfield code="c">Juan Alfredo Biaggi Lama /</subfield>
  </datafield>
  <datafield tag="264" ind1=" " ind2="4">
    <subfield code="a">Santo Domingo :</subfield>
    <subfield code="b">Ediciones Jur&#xED;dicas Trajano Potentini,</subfield>
    <subfield code="c">&#xA9;2005.</subfield>
  </datafield>
  <datafield tag="300" ind1=" " ind2=" ">
    <subfield code="a">volumen ;</subfield>
    <subfield code="c">23 cm. </subfield>
  </datafield>
  <datafield tag="336" ind1=" " ind2=" ">
    <subfield code="a">texto</subfield>
    <subfield code="b">txt</subfield>
    <subfield code="2">rdacontent</subfield>
  </datafield>
  <datafield tag="337" ind1=" " ind2=" ">
    <subfield code="a">sin mediaci&#xF3;n</subfield>
    <subfield code="b">n</subfield>
    <subfield code="2">rdamedia</subfield>
  </datafield>
  <datafield tag="338" ind1=" " ind2=" ">
    <subfield code="a">volumen</subfield>
    <subfield code="b">nc</subfield>
    <subfield code="2">rdacarrier</subfield>
  </datafield>
  <datafield tag="500" ind1=" " ind2=" ">
    <subfield code="a">La biblioteca posee el v.1.</subfield>
  </datafield>
  <datafield tag="500" ind1=" " ind2=" ">
    <subfield code="a">Incluye datos biogr&#xE1;ficos del autor en la  contracubierta.</subfield>
  </datafield>
  <datafield tag="500" ind1=" " ind2=" ">
    <subfield code="a">Incluye referencias bibliogr&#xE1;ficas y notas al pie de las p&#xE1;ginas</subfield>
  </datafield>
  <datafield tag="505" ind1="0" ind2=" ">
    <subfield code="a">v. 1--</subfield>
    <subfield code="t">Introducci&#xF3;n al estudio del derecho comercial --</subfield>
    <subfield code="t">Fuentes del derecho comercial --</subfield>
    <subfield code="t">El Estado y el comercio --</subfield>
    <subfield code="t">La libertad de comercio y la competencia desleal --</subfield>
    <subfield code="t">La organizaci&#xF3;n judicial del comercio --</subfield>
    <subfield code="t">La jurisdicci&#xF3;n arbitral -- </subfield>
    <subfield code="t">De los comerciantes --</subfield>
    <subfield code="t">Los actos de comercio -- </subfield>
    <subfield code="t">Los actos de comercio por accesorio o por relaci&#xF3;n -- </subfield>
    <subfield code="t">Los otros actos de comercio el comercio mar&#xED;timo -- </subfield>
    <subfield code="t">Las obligaciones profesionales de los comerciantes --</subfield>
    <subfield code="t">Los libros de comercio -- </subfield>
    <subfield code="t">El fondo de comercio --</subfield>
    <subfield code="t">Los contratos comerciales --</subfield>
    <subfield code="t">Los contratos civiles estudiados en sus aplicaciones comerciales --</subfield>
    <subfield code="t">El contrato de prenda --</subfield>
    <subfield code="t">Los contratos de representaci&#xF3;n --</subfield>
    <subfield code="t"> El contrato de sociedad -- </subfield>
    <subfield code="g">v. 2</subfield>
    <subfield code="t"> Caracteres generales de la personalidad moral de las sociedades --</subfield>
    <subfield code="t">Las sociedades desprovistas de personalidad y jur&#xED;dica -- </subfield>
    <subfield code="t">Clasificaci&#xF3;n de las sociedades -- </subfield>
    <subfield code="t">Disposiciones relativas a la constituci&#xF3;n de las sociedades y al reconocimiento de su existencia -- </subfield>
    <subfield code="t">Disposiciones relativas a la transformaci&#xF3;n, disoluci&#xF3;n y liquidaci&#xF3;n de las sociedades -- </subfield>
    <subfield code="t">Las sociedades de personas -- </subfield>
    <subfield code="t">Las sociedades en comandita simple -- </subfield>
    <subfield code="t">Las sociedades por acciones --</subfield>
    <subfield code="t">Las compa&#xF1;&#xED;as por acciones o sociedades an&#xF3;nimas -- </subfield>
    <subfield code="t">Las sociedades en comandita por acciones -- </subfield>
    <subfield code="t">Las sociedades por acciones o sociedades an&#xF3;nimas --</subfield>
    <subfield code="t">Las otras sociedades contempladas en el c&#xF3;digo de comercio -- </subfield>
    <subfield code="t">Las sociedades de capital variable -- </subfield>
    <subfield code="t">Los holdings -- </subfield>
    <subfield code="t"> Las compa&#xF1;&#xED;as off shore --</subfield>
    <subfield code="t">Los Bancos y sus operaciones -- </subfield>
    <subfield code="t">El contrato de dep&#xF3;sito bancario -- </subfield>
    <subfield code="t"> El contrato de factoring -- </subfield>
    <subfield code="t">Las operaciones de las bolsas -- </subfield>
    <subfield code="t">Sociedades de seguro o tontinas --</subfield>
    <subfield code="t">Las sociedades bancarias y financieras --</subfield>
    <subfield code="t">Obligaciones cautelares de los comerciantes y sociedades comerciales en la prevenci&#xF3;n de cr&#xED;menes y delitos -- </subfield>
    <subfield code="t">Los instrumentos de pago y de cr&#xE9;dito -- </subfield>
    <subfield code="t">Los efectos de comercio --</subfield>
    <subfield code="t">La letra de cambio -- </subfield>
    <subfield code="t">El pagar&#xE9; a la orden -- </subfield>
    <subfield code="t"> Los vol&#xFA;menes en la industria tur&#xED;stica -- </subfield>
    <subfield code="t">El cheque --</subfield>
    <subfield code="t">La quiebra -- </subfield>
    <subfield code="t">Las operaciones de cuentas --</subfield>
    <subfield code="t">Arreglo del pasivo --</subfield>
    <subfield code="t">Bancarrota --</subfield>
    <subfield code="t">La quiebra en el proyecto del nuevo c&#xF3;digo de comercio --</subfield>
  </datafield>
  <datafield tag="590" ind1=" " ind2=" ">
    <subfield code="a">Inventariado, 2020 /LP

</subfield>
  </datafield>
  <datafield tag="942" ind1=" " ind2=" ">
    <subfield code="2">ddc</subfield>
    <subfield code="c">LBS1</subfield>
  </datafield>
  <datafield tag="952" ind1=" " ind2=" ">
    <subfield code="0">0</subfield>
    <subfield code="1">0</subfield>
    <subfield code="2">ddc</subfield>
    <subfield code="5">1</subfield>
    <subfield code="7">0</subfield>
    <subfield code="8">PD</subfield>
    <subfield code="a">BNPHU</subfield>
    <subfield code="b">BNPHU</subfield>
    <subfield code="c">CT</subfield>
    <subfield code="d">2023-02-10</subfield>
    <subfield code="e">Donaci&#xF3;n</subfield>
    <subfield code="o"> BNPHU PD </subfield>
    <subfield code="p">2023-0826</subfield>
    <subfield code="r">2023-02-10</subfield>
    <subfield code="t">v.1</subfield>
    <subfield code="w">2023-02-10</subfield>
    <subfield code="y">LBS1</subfield>
    <subfield code="z">Perteneci&#xF3; a la biblioteca personal de la familia Reyes Duluc.</subfield>
  </datafield>
  <datafield tag="952" ind1=" " ind2=" ">
    <subfield code="0">0</subfield>
    <subfield code="1">0</subfield>
    <subfield code="2">ddc</subfield>
    <subfield code="5">1</subfield>
    <subfield code="7">0</subfield>
    <subfield code="8">PD</subfield>
    <subfield code="a">BNPHU</subfield>
    <subfield code="b">BNPHU</subfield>
    <subfield code="c">CT</subfield>
    <subfield code="d">2025-10-29</subfield>
    <subfield code="e">Donado por el Consejo Nacional de Competibidad</subfield>
    <subfield code="l">0</subfield>
    <subfield code="o"> BNPHU PD </subfield>
    <subfield code="p">2025-12114</subfield>
    <subfield code="r">2025-10-29</subfield>
    <subfield code="t">e.2</subfield>
    <subfield code="w">2025-10-29</subfield>
    <subfield code="y">LBS1</subfield>
  </datafield>
  <datafield tag="999" ind1=" " ind2=" ">
    <subfield code="c">48757</subfield>
    <subfield code="d">48757</subfield>
  </datafield>
</record>
